Alle 68 Städte Deutschlands mit D - Statistiken

Allgemein
  • Dieses Quiz wurde 161 mal gespielt
  • Das Durchschnittsergebnis liegt bei 18 aus 68
Antwortstatistiken
Landkreis Stadt % Korrekt
\ (kreisfrei) Düsseldorf
86%
\ (kreisfrei) Darmstadt
83%
D*c**u Dachau
82%
D*r*n Düren
79%
\ (kreisfrei) Dortmund
78%
\ (kreisfrei) Duisburg
78%
\ Dresden
74%
D**g**d**f Deggendorf
71%
Südwestpfalz Dahn
56%
D***i**en a. d. Donau Dillingen a. d. Donau
55%
Saarlouis Dillingen (Saar)
55%
Lippe Detmold
54%
Recklinghausen Dorsten
54%
Wesel Dinslaken
53%
D**g**f**g-Landau Dingolfing
51%
\ (kreisfrei) Delmenhorst
47%
Lüchow-D**n**b**g Dannenberg
44%
Rhein-Kreis Neuss Dormagen
44%
Recklinghausen Datteln
36%
D***h**z Diepholz
36%
Schwarzwald-Baar-Kreis Donaueschingen
35%
Coesfeld Dülmen
31%
\ (kreisfrei) Dessau-Roßlau
30%
Darmstadt-D**b**g Dieburg
29%
Offenbach Dreieich
29%
Lahn-Dill-Kreis Dillenburg
25%
Donau-Ries Donauwörth
25%
Vulkaneifel Daun
24%
Mittelsachsen Döbeln
20%
Mecklenb. Seenplatte Demmin
19%
Rhein-Lahn-Kreis Diez
19%
Göttingen Duderstadt
19%
Nordsachsen Delitzsch
18%
Ansbach Dinkelsbühl
17%
Teltow-Fläming Dahme
16%
Offenbach Dietzenbach
16%
Paderborn Delbrück
15%
Vechta Damme
13%
Sächs. Schweiz-Osterzgebirge Dippoldiswalde
12%
Ludwigsburg Ditzingen
12%
Vechta Dinklage
10%
Nordsachsen Dahlen
8%
Elbe-Elster Doberlug-Kirchhain
8%
Northeim Dassel
7%
Bad Dürkheim Deidesheim
7%
Erding Dorfen
7%
Waldeck-Frankenberg Diemelstadt
6%
Neumarkt i. d. Oberpfalz Dietfurt
6%
Olpe Drolshagen
6%
Mecklenb. Seenplatte Dargun
5%
Osnabrück Dissen
5%
Sächs. Schweiz-Osterzgebirge Dohna
5%
Warendorf Drensteinfurt
5%
Nordwestmecklenburg Dassow
4%
Eichsfeld Dingelstädt
4%
Ludwigslust-Parchim Dömitz
4%
Saale-Holzland-Kreis Dornburg-Camburg
4%
Göttingen Dransfeld
4%
Altenkirchen (Westerwald) Daaden
3%
Kitzingen Dettelbach
3%
Neuwied Dierdorf
3%
Spree-Neiße Döbern
3%
Nordsachsen Dommitzsch
3%
Rottweil Dornhan
3%
Göppingen Donzdorf
2%
Alb-Donau-Kreis Dietenheim
1%
Freudenstadt Dornstetten
1%
Spree-Neiße Drebkau
0%
Keine übereinstimmenden Quizze gefunden
Verteilung der Resultate
Anzahl Personen mit jedem Resultat
Perzentil nach korrekt beantworteten Fragen
Ihre Resultats-Entwicklung
Sie haben dieses Quiz noch nicht gespielt